00376nam a2200109Ia 4500008004100000082000800041100001500049245008400064942000600148952009700154999001500251240331s9999 xx 000 0 und d bUYA aUyangoda,J 0aTransition from civil war to peace :bchallenges of peace building in Sri Lanka cL 001040708LaWERCLbWERCLcSSCd2024-03-31l0o 303.6 UYAp5495r2024-03-31w2024-03-31yL c4763d4763